BIOPHARMACEUTICAL & PHARMACOKINETICS (Record no. 7251)

MARC details
000 -LEADER
fixed length control field 00344nam a2200145Ia 4500
008 - FIXED-LENGTH DATA ELEMENTS--GENERAL INFORMATION
fixed length control field 150301s2015 xx 000 0 und d
082 ## - DEWEY DECIMAL CLASSIFICATION NUMBER
Classification number 615.7
Item number B12K
100 ## - MAIN ENTRY--PERSONAL NAME
Personal name KULKARNI, J.S
245 ## - TITLE STATEMENT
Title BIOPHARMACEUTICAL & PHARMACOKINETICS
250 ## - EDITION STATEMENT
Edition statement 1ST
260 ## - PUBLICATION, DISTRIBUTION, ETC. (IMPRINT)
Name of publisher, distributor, etc. CBS- DELHI
300 ## - PHYSICAL DESCRIPTION
Extent 300
650 ## - SUBJECT ADDED ENTRY--TOPICAL TERM
Topical term or geographic name as entry element PHARMACOKINETICS
942 ## - ADDED ENTRY ELEMENTS (KOHA)
Source of classification or shelving scheme Dewey Decimal Classification
Koha item type Books
Koha issues (borrowed), all copies 1
Holdings
Withdrawn status Lost status Source of classification or shelving scheme Damaged status Not for loan Collection code Home library Current library Date acquired Source of acquisition Cost, normal purchase price SGTU Bill Number Total Checkouts Full call number Barcode Date last seen Date last checked out Bill Date Koha item type
    Dewey Decimal Classification     PHARMACY SGT FA-FP Library SGT FA-FP Library 02/07/2015 ABC-DELHI 220.00 SGTU 5588 2 615.7 B12K FP755 03/05/2024 26/04/2024 04/04/2015 Books
    Dewey Decimal Classification     PHARMACY SGT FA-FP Library SGT FA-FP Library 02/07/2015 ABC-DELHI 220.00 SGTU 5588 1 615.7 B12K FP756 16/11/2019 07/11/2019 04/04/2015 Books
    Dewey Decimal Classification     PHARMACY SGT FA-FP Library SGT FA-FP Library 02/07/2015 ABC-DELHI 220.00 SGTU 5588 1 615.7 B12K FP757 20/09/2018 17/09/2018 04/04/2015 Books
    Dewey Decimal Classification     PHARMACY SGT FA-FP Library SGT FA-FP Library 02/07/2015 ABC-DELHI 220.00 SGTU 5588 3 615.7 B12K FP758 27/08/2021 26/08/2021 04/04/2015 Books
    Dewey Decimal Classification     PHARMACY SGT FA-FP Library SGT FA-FP Library 02/07/2015 ABC-DELHI 220.00 SGTU 5588   615.7 B12K FP759 02/07/2015   04/04/2015 Books
    Dewey Decimal Classification     PHARMACY SGT FA-FP Library SGT FA-FP Library 02/07/2015 ABC-DELHI 220.00 SGTU 5588 4 615.7 B12K FP760 16/04/2025 16/04/2025 04/04/2015 Books
    Dewey Decimal Classification     PHARMACY SGT FA-FP Library SGT FA-FP Library 02/07/2015 ABC-DELHI 220.00 SGTU 5588   615.7 B12K FP761 02/07/2015   04/04/2015 Books
    Dewey Decimal Classification     PHARMACY SGT FA-FP Library SGT FA-FP Library 02/07/2015 ABC-DELHI 220.00 SGTU 5588 5 615.7 B12K FP762 22/10/2025 09/07/2025 04/04/2015 Books
    Dewey Decimal Classification     PHARMACY SGT FA-FP Library SGT FA-FP Library 02/07/2015 ABC-DELHI 220.00 SGTU 5588 4 615.7 B12K FP763 24/02/2020 27/01/2020 04/04/2015 Books
    Dewey Decimal Classification     PHARMACY SGT FA-FP Library SGT FA-FP Library 02/07/2015 ABC-DELHI 220.00 SGTU 5588 2 615.7 B12K FP764 13/12/2018 26/11/2018 04/04/2015 Books